[Event "Reykjavik Open 2013"]
[Site "Reykjavik ISL"]
[Date "2013.02.19"]
[Round "1.37"]
[White "Herda, Christoph"]
[Black "Smith, Axel"]
[Result "0-1"]
[BlackTitle "IM"]
[WhiteElo "1915"]
[BlackElo "2485"]
[WhiteFideId "24623369"]
[BlackFideId "1707930"]
[EventDate "2013.02.19"]

1. Nc3 d5 2. e4 d4 3. Nce2 e5 4. Ng3 Be6 5. Nf3 f6 6. Bb5+ c6 7. Ba4 Na6 8. Bb3
Bxb3 9. axb3 d3 10. O-O Ne7 11. Ne1 dxc2 12. Qxc2 h5 13. Qc4 Qd7 14. d3 Nc8 15.
Be3 Nd6 16. Qc2 Nb5 17. Ne2 g5 18. Qc4 Rd8 19. Rd1 c5 20. Nc3 Nxc3 21. Qxc3 Rh7
22. Nc2 Qe6 23. Qc4 Qxc4 24. dxc4 Rhd7 25. Rxd7 Rxd7 26. b4 cxb4 27. Bxa7 Rd2
28. Rc1 b3 29. Ne3 Rxb2 30. Nd1 Rc2 31. Rb1 Bc5 32. Bxc5 Nxc5 33. Ne3 Ra2 34. f3
b2 35. Nd1 Ra1 0-1

[Event "Reykjavik Open 2013"]
[Site "Reykjavik ISL"]
[Date "2013.02.19"]
[Round "1.38"]
[White "Huang, Qian"]
[Black "Helin, Mikael"]
[Result "1-0"]
[WhiteTitle "WGM"]
[WhiteElo "2478"]
[BlackElo "1910"]
[WhiteFideId "8602689"]
[BlackFideId "1703838"]
[EventDate "2013.02.19"]

1. d4 d5 2. Nf3 Nc6 3. c4 Bg4 4. e3 e6 5. Nc3 Nf6 6. Be2 a6 7. h3 Bf5 8. Nh4 Be4
9. Nf3 Bg6 10. O-O Ne4 11. cxd5 exd5 12. Qb3 Nf6 13. Ne5 Bf5 14. Bf3 Be6 15. Qa4
Bd6 16. Nxc6 bxc6 17. e4 h5 18. e5 Bg4 19. Qd1 Qd7 20. exd6 O-O-O 21. dxc7 Rdg8
22. Bf4 Bxh3 23. Qd3 Qf5 24. Qxf5+ Bxf5 25. Na4 Nd7 26. Rfc1 g5 27. Bh2 Rg6 28.
Rc3 h4 29. Rb3 1-0

[Event "Reykjavik Open 2013"]
[Site "Reykjavik ISL"]
[Date "2013.02.19"]
[Round "1.39"]
[White "Jensen, Soren3"]
[Black "Urkedal, Frode"]
[Result "1-0"]
[BlackTitle "IM"]
[WhiteElo "1909"]
[BlackElo "2473"]
[WhiteFideId "1421204"]
[BlackFideId "1506102"]
[EventDate "2013.02.19"]

1. e4 e5 2. f4 exf4 3. Nf3 g5 4. Bc4 g4 5. O-O gxf3 6. Qxf3 Qf6 7. e5 Qxe5 8.
Bxf7+ Kxf7 9. d4 Qxd4+ 10. Be3 Qf6 11. Bxf4 Bc5+ 12. Kh1 Bd6 13. Qh5+ Qg6 14.
Bxd6+ Nf6 15. Qd5+ Kg7 16. Rxf6 Qxf6 17. Be5 Rf8 18. Bxf6+ Rxf6 19. Qg5+ Kf7 20.
Nc3 d6 21. Nd5 1-0

[Event "Reykjavik Open 2013"]
[Site "Reykjavik ISL"]
[Date "2013.02.19"]
[Round "1.40"]
[White "Hambleton, Aman"]
[Black "Leimeister, Winfried"]
[Result "1-0"]
[WhiteTitle "FM"]
[WhiteElo "2472"]
[BlackElo "1909"]
[WhiteFideId "2606577"]
[BlackFideId "24653721"]
[EventDate "2013.02.19"]

1. d4 Nf6 2. c4 g6 3. Nc3 Bg7 4. e4 d6 5. f3 O-O 6. Be3 e5 7. Nge2 Nc6 8. d5 Ne7
9. Qd2 Ne8 10. O-O-O f5 11. Kb1 a6 12. Nc1 Nf6 13. h3 Nh5 14. Bd3 Ng3 15. Rhe1
f4 16. Bf2 Nh5 17. c5 Bd7 18. Nb3 b6 19. cxd6 cxd6 20. Ne2 a5 21. Nc3 a4 22. Na1
Ra5 23. Nc2 Qc7 24. Na3 Nc8 25. Ncb5 Qb8 26. Rc1 Na7 27. Nxa7 Rxa7 28. Nc4 Rb7
29. Qb4 1-0

[Event "Reykjavik Open 2013"]
[Site "Reykjavik ISL"]
[Date "2013.02.19"]
[Round "1.41"]
[White "Mehringer, Joerg"]
[Black "Lou, Yiping"]
[Result "0-1"]
[BlackTitle "IM"]
[WhiteElo "1908"]
[BlackElo "2468"]
[WhiteFideId "12915351"]
[BlackFideId "8603928"]
[EventDate "2013.02.19"]

1. e4 c6 2. d4 d5 3. e5 Bf5 4. h4 h5 5. Bg5 Qb6 6. Bd3 Qxd4 7. Nf3 Qg4 8. Bxf5
Qxf5 9. O-O Nd7 10. Re1 e6 11. Nd4 Qg6 12. Nd2 Be7 13. N2f3 a6 14. Qe2 c5 15.
Nb3 Bxg5 16. Nxg5 Ne7 17. c4 O-O 18. Rad1 b5 19. cxb5 Nf5 20. Nf3 c4 21. Nbd4
axb5 22. Nxf5 Qxf5 23. Nd4 Qg4 24. Qxg4 hxg4 25. a3 Rfb8 26. Re3 Ra6 27. Nc2 f6
28. exf6 Nxf6 29. Rde1 Ne4 30. R1e2 Kf7 31. Nb4 Rd6 32. Nc2 Rh8 33. g3 g5 34.
hxg5 Nxg5 35. Nd4 Rb6 36. Kg2 Kf6 37. Re1 Ne4 38. Nc2 Rb7 39. Nb4 Rbh7 40. Rxe4
Rh2+ 41. Kf1 Rh1+ 42. Ke2 dxe4 43. Rxh1 Rxh1 44. Kd2 Rf1 45. Ke2 Rb1 0-1

[Event "Reykjavik Open 2013"]
[Site "Reykjavik ISL"]
[Date "2013.02.19"]
[Round "1.42"]
[White "Tan, Zhongyi"]
[Black "Roberts, Lynda"]
[Result "1-0"]
[WhiteTitle "WGM"]
[BlackTitle "WC"]
[WhiteElo "2466"]
[BlackElo "1903"]
[WhiteFideId "8603642"]
[BlackFideId "1800191"]
[EventDate "2013.02.19"]

1. d4 f5 2. c4 Nf6 3. Nc3 g6 4. g3 Bg7 5. Bg2 O-O 6. Nf3 d6 7. O-O c6 8. b3 Na6
9. Bb2 Qc7 10. Rc1 e5 11. Nb5 Qe7 12. dxe5 dxe5 13. Ba3 c5 14. Qd6 Qxd6 15. Nxd6
e4 16. Ng5 h6 17. Nh3 Ne8 18. Nxc8 Rxc8 19. Nf4 Kf7 20. Rcd1 Nf6 21. f3 g5 22.
Nd5 Nxd5 23. Rxd5 Ke6 24. fxe4 Bd4+ 25. Rxd4 cxd4 26. exf5+ Ke5 27. Bxb7 Nc5 28.
Bxc8 Rxc8 29. Bxc5 Rxc5 30. f6 Rc8 31. f7 Rf8 32. c5 a5 33. a3 Kd5 34. Rf5+ Ke6
35. g4 h5 36. h3 hxg4 37. hxg4 Kd7 38. Kf2 Kc6 39. Kf3 Kb5 40. Ke4 a4 41. bxa4+
Kxa4 42. c6 1-0

[Event "Reykjavik Open 2013"]
[Site "Reykjavik ISL"]
[Date "2013.02.19"]
[Round "1.46"]
[White "Schreiner, Peter"]
[Black "Jablon, Stephen"]
[Result "1-0"]
[WhiteTitle "IM"]
[WhiteElo "2439"]
[BlackElo "1896"]
[WhiteFideId "1621645"]
[BlackFideId "2019833"]
[EventDate "2013.02.19"]

1. d4 d5 2. c4 c6 3. Nf3 Nf6 4. Nc3 dxc4 5. a4 Bf5 6. e3 e6 7. Bxc4 Bb4 8. O-O
O-O 9. Qe2 Bg6 10. Ne5 Bh5 11. g4 Bg6 12. h4 Nd5 13. h5 f6 14. hxg6 fxe5 15.
gxh7+ Kxh7 16. dxe5 Nd7 17. f4 g6 18. Ne4 Be7 19. g5 Kg7 20. Nf6 Kf7 21. e4 Bc5+
22. Kg2 N7xf6 23. gxf6 Nb6 24. f5 Nxc4 25. fxe6+ Kg8 26. Qxc4 Qd4 27. Qxd4 Bxd4
28. Bh6 Bxe5 29. f7+ Kh7 30. Rh1 g5 31. Bxf8+ 1-0

[Event "Reykjavik Open 2013"]
[Site "Reykjavik ISL"]
[Date "2013.02.19"]
[Round "1.47"]
[White "Klug, Christian"]
[Black "Bartholomew, John"]
[Result "0-1"]
[BlackTitle "IM"]
[WhiteElo "1894"]
[BlackElo "2435"]
[WhiteFideId "24621722"]
[BlackFideId "2019353"]
[EventDate "2013.02.19"]

1. e4 d5 2. exd5 Qxd5 3. Nc3 Qa5 4. b4 Qxb4 5. Rb1 Qd6 6. Nf3 Nf6 7. d4 a6 8. g3
b6 9. Bg2 Bb7 10. O-O e6 11. Qe2 Be7 12. Rd1 O-O 13. Rb3 Qd8 14. h3 Qc8 15. g4
Nc6 16. g5 Nd5 17. Ne4 Na5 18. Rb1 b5 19. Qe1 Nc4 20. Bf1 Nde3 21. Bxc4 Nxc4 22.
Ne5 Nd6 23. Nc5 Bd5 24. a4 f6 25. gxf6 gxf6 26. Ng4 Kh8 27. Rd3 Rg8 28. Kh2 Nf5
29. Ne4 Qf8 30. Ng3 Bd6 31. f4 Nxg3 32. Rxg3 h5 33. Nf2 Rxg3 34. Kxg3 Qg7+ 35.
Kh4 f5 0-1

[Event "Reykjavik Open 2013"]
[Site "Reykjavik ISL"]
[Date "2013.02.19"]
[Round "1.48"]
[White "Norowitz, Yaacov"]
[Black "Fivelstad, Jon Olav"]
[Result "1-0"]
[WhiteElo "2432"]
[BlackElo "1888"]
[WhiteFideId "2024799"]
[BlackFideId "1510339"]
[EventDate "2013.02.19"]

1. d4 Nf6 2. Nf3 g6 3. c4 c5 4. Nc3 cxd4 5. Nxd4 Bg7 6. g3 O-O 7. Bg2 Nc6 8. O-O
a6 9. Nc2 d6 10. b3 Rb8 11. Bb2 Bd7 12. Ne3 Ne5 13. Qd2 Bh6 14. f4 Nfg4 15. Ncd5
Nxe3 16. Qxe3 Nc6 17. Qc3 f6 18. Rad1 Rc8 19. Qe3 Ne5 20. Qa7 Ra8 21. Qxb7 Nxc4
22. Nxf6+ exf6 23. Bd5+ Kh8 24. Bxc4 Qe8 25. Rxd6 Qe3+ 26. Rf2 Ra7 27. Qd5 Bh3
28. Rxf6 1-0

[Event "Reykjavik Open 2013"]
[Site "Reykjavik ISL"]
[Date "2013.02.19"]
[Round "1.49"]
[White "Ingason, Sigurdur"]
[Black "Guo, Qi"]
[Result "0-1"]
[BlackTitle "WGM"]
[WhiteElo "1878"]
[BlackElo "2431"]
[WhiteFideId "2301709"]
[BlackFideId "8604002"]
[EventDate "2013.02.19"]

1. c4 e6 2. g3 d5 3. Bg2 Nf6 4. Nf3 c5 5. O-O Nc6 6. e3 Be7 7. cxd5 exd5 8. d4
O-O 9. dxc5 Bxc5 10. Nd4 Bg4 11. Nxc6 bxc6 12. Qc2 Qe7 13. Bd2 Rac8 14. Bc3 Bb6
15. Bxf6 Qxf6 16. Nd2 Rfd8 17. a4 a5 18. Rac1 c5 19. Qc3 Qg6 20. Nf3 Qh5 21. Nd2
c4 22. Rfe1 Rd6 23. b4 d4 24. exd4 Bxd4 25. Qxc4 Bxf2+ 26. Kh1 Rdd8 27. Qa6 Bxg3
28. Nf1 Bxe1 0-1

[Event "Reykjavik Open 2013"]
[Site "Reykjavik ISL"]
[Date "2013.02.19"]
[Round "1.50"]
[White "Kjartansson, Gudmundur"]
[Black "Eliasson, Kristjan Orn"]
[Result "1-0"]
[WhiteTitle "IM"]
[WhiteElo "2430"]
[BlackElo "1873"]
[WhiteFideId "2301318"]
[BlackFideId "2301784"]
[EventDate "2013.02.19"]

1. c4 c5 2. g3 Nf6 3. Bg2 Nc6 4. Nc3 g6 5. Nf3 Bg7 6. d4 cxd4 7. Nxd4 O-O 8. O-O
Nxd4 9. Qxd4 d6 10. Qd3 a6 11. Be3 Bf5 12. Qd2 Qc7 13. Rac1 Rab8 14. Rfd1 b6 15.
h3 h5 16. Kh2 Kh7 17. b3 Qd8 18. a3 Qc7 19. Bd4 Bh6 20. f4 e5 21. Be3 Rfd8 22.
fxe5 dxe5 23. Nd5 Nxd5 24. cxd5 Bxe3 25. Qxe3 Qe7 26. Rc6 Rd6 27. Qc3 Rb7 28. e4
Bd7 29. Rc7 Rb8 30. Ra7 a5 31. Rf1 Kg7 32. h4 Rf6 33. Rxf6 Kxf6 34. Bh3 Rc8 35.
Qxc8 Bxc8 36. Rxe7 Bxh3 37. Rb7 Bf1 38. Rxb6+ Ke7 39. Rb7+ Kf6 40. b4 Bd3 41.
bxa5 Bxe4 42. Rb5 Bd3 43. Rb6+ Kf5 44. a6 Be4 45. Rd6 1-0

[Event "Reykjavik Open 2013"]
[Site "Reykjavik ISL"]
[Date "2013.02.19"]
[Round "1.51"]
[White "Johannsdottir, Johanna Bjorg"]
[Black "Mikkelsen, Nikolaj"]
[Result "0-1"]
[BlackTitle "IM"]
[WhiteElo "1872"]
[BlackElo "2421"]
[WhiteFideId "2303108"]
[BlackFideId "1407970"]
[EventDate "2013.02.19"]

1. e4 c5 2. Nf3 Nc6 3. c3 Nf6 4. e5 Nd5 5. Bc4 Nb6 6. Bb3 c4 7. Bc2 d6 8. exd6
Qxd6 9. d4 cxd3 10. Qxd3 Qxd3 11. Bxd3 g6 12. Bf4 Bg7 13. O-O O-O 14. Nbd2 h6
15. Rfe1 Bd7 16. Rad1 Na4 17. Rb1 Nc5 18. Bc2 Rac8 19. Be3 Ne6 20. Be4 b6 21.
Rbd1 Rfd8 22. Nb3 Be8 23. Bd2 Rd6 24. h3 Rcd8 25. Bc2 Nc7 26. Re2 e5 27. Rde1 f5
28. Bc1 Bf7 29. h4 Bc4 30. Rd2 Bd3 31. Bxd3 Rxd3 32. Rxd3 Rxd3 33. Kf1 Rd7 34.
g3 Ne6 35. Kg2 e4 36. Ng1 Ne5 37. Nh3 Nd3 38. Re3 a5 39. a4 Nec5 40. Nxc5 bxc5
41. Bd2 Nxb2 42. Be1 Nxa4 43. Nf4 Kf7 44. g4 Nb6 45. gxf5 gxf5 46. f3 Be5 47.
Bg3 Bxf4 0-1

[Event "Reykjavik Open 2013"]
[Site "Reykjavik ISL"]
[Date "2013.02.19"]
[Round "1.52"]
[White "Zumsande, Martin"]
[Black "Finnbogadottir, Tinna Kristin"]
[Result "1/2-1/2"]
[WhiteTitle "IM"]
[WhiteElo "2419"]
[BlackElo "1871"]
[WhiteFideId "4651324"]
[BlackFideId "2300214"]
[EventDate "2013.02.19"]

1. e4 c5 2. c3 d5 3. exd5 Qxd5 4. d4 Nf6 5. Nf3 e6 6. Be3 cxd4 7. cxd4 Nc6 8. a3
Be7 9. Nc3 Qd8 10. Bd3 O-O 11. O-O b6 12. Qe2 Bb7 13. Rad1 Nd5 14. Bc1 Bf6 15.
Qe4 g6 16. Qg4 Nce7 17. Rfe1 Bg7 18. Qh3 Nf6 19. Bg5 Qc7 20. Bb1 Ned5 21. Ne5 a6
22. Rd3 Nh5 23. Qg4 Nhf6 24. Qh4 Nh5 25. Bd2 Qd8 26. Qg4 Nhf6 27. Qd1 Rc8 28.
Bg5 Qc7 29. Ba2 Nxc3 30. bxc3 Ne4 31. Bd2 1/2-1/2

[Event "Reykjavik Open 2013"]
[Site "Reykjavik ISL"]
[Date "2013.02.19"]
[Round "1.54"]
[White "Masson, Kjartan"]
[Black "Hagen, Andreas Skytte"]
[Result "0-1"]
[BlackTitle "IM"]
[WhiteElo "1856"]
[BlackElo "2411"]
[WhiteFideId "2303809"]
[BlackFideId "1407341"]
[EventDate "2013.02.19"]

1. d4 Nf6 2. c4 g6 3. Nc3 Bg7 4. e4 d6 5. Nge2 O-O 6. g3 c5 7. dxc5 dxc5 8. Qxd8
Rxd8 9. Nd5 Nc6 10. f3 Nxd5 11. cxd5 Ne5 12. Ng1 e6 13. f4 Ng4 14. Bc4 exd5 15.
Bxd5 Nf6 16. Bb3 Nxe4 17. Nf3 b5 18. Ne5 c4 19. Bc2 Bb7 20. O-O Nd2 21. Rf2 Bxe5
22. fxe5 Nf3+ 23. Kf1 Nxe5 24. Bg5 Re8 25. Rd1 Ng4 26. Rfd2 h6 27. h3 hxg5 28.
hxg4 Bf3 29. Rc1 Rad8 30. Rxd8 Rxd8 31. b4 Bxg4 32. a4 a6 33. axb5 axb5 34. Be4
Rd1+ 35. Rxd1 Bxd1 36. Bc6 Ba4 37. g4 Kg7 38. Ke2 f5 39. Kd2 Kf6 40. Bf3 Ke5 41.
Ke3 c3 42. Bc6 c2 43. Kd2 Kf4 44. gxf5 gxf5 45. Kc1 Ke3 46. Bg2 f4 47. Bh3 f3
48. Bf1 g4 0-1

[Event "Reykjavik Open 2013"]
[Site "Reykjavik ISL"]
[Date "2013.02.19"]
[Round "1.55"]
[White "Li, Wenliang"]
[Black "Hardarson, Jon Trausti"]
[Result "1-0"]
[WhiteTitle "IM"]
[WhiteElo "2411"]
[BlackElo "1853"]
[WhiteFideId "8600490"]
[BlackFideId "2302594"]
[EventDate "2013.02.19"]

1. d4 Nf6 2. c4 e6 3. Nf3 Bb4+ 4. Bd2 Qe7 5. g3 O-O 6. Bg2 Nc6 7. Nc3 Bxc3 8.
Bxc3 Ne4 9. Rc1 d6 10. O-O a5 11. Be1 f5 12. d5 Nd8 13. Nd2 Nxd2 14. Bxd2 e5 15.
c5 b6 16. cxb6 cxb6 17. Qb3 Nb7 18. Qxb6 Nc5 19. Be3 Ra6 20. Qb5 Bd7 21. Qc4 Rb8
22. Bxc5 Bb5 23. Qc2 dxc5 24. Qxc5 Bxe2 25. Rfe1 Rf6 26. Qc2 Ba6 27. Qc3 Rbf8
28. Rxe5 Qf7 29. f4 1-0

[Event "Reykjavik Open 2013"]
[Site "Reykjavik ISL"]
[Date "2013.02.19"]
[Round "1.56"]
[White "Arntsen, Frode"]
[Black "Diermair, Andreas"]
[Result "0-1"]
[BlackTitle "IM"]
[WhiteElo "1840"]
[BlackElo "2407"]
[WhiteFideId "1513761"]
[BlackFideId "1612468"]
[EventDate "2013.02.19"]

1. c4 e6 2. g3 d5 3. Bg2 Nf6 4. Nf3 Be7 5. O-O O-O 6. d3 c5 7. Nbd2 Nc6 8. e3 b6
9. d4 cxd4 10. Nxd4 Nxd4 11. exd4 Bb7 12. b3 Qc7 13. Nf3 Bd6 14. Qe2 dxc4 15.
bxc4 Rac8 16. Ne5 Bxg2 17. Kxg2 Nd7 18. f4 Bxe5 19. fxe5 Qxc4 20. Qf2 b5 21. Kh3
f5 22. Bd2 Nb6 23. Rfc1 Qa4 24. Rc5 Rxc5 25. dxc5 Nd5 26. Qf3 Qd4 27. Bg5 Qxa1 0-1

[Event "Reykjavik Open 2013"]
[Site "Reykjavik ISL"]
[Date "2013.02.19"]
[Round "1.57"]
[White "Ris, Robert"]
[Black "Traustason, Ingi Tandri"]
[Result "1-0"]
[WhiteTitle "IM"]
[WhiteElo "2407"]
[BlackElo "1840"]
[WhiteFideId "1011480"]
[BlackFideId "2302934"]
[EventDate "2013.02.19"]

1. d4 d5 2. Nf3 Nf6 3. c4 c6 4. g3 dxc4 5. Bg2 Bg4 6. O-O Nbd7 7. Nc3 h6 8. a4
e6 9. Nd2 e5 10. Nxc4 exd4 11. Qxd4 Bc5 12. Nd6+ Bxd6 13. Qxd6 Qb8 14. Qa3 Qe5
15. Bf4 Qc5 16. b4 Qe7 17. Rfe1 Ne5 18. b5 Qxa3 19. Rxa3 Nfd7 20. bxc6 Nxc6 21.
Nb5 O-O 22. Nd6 Be6 23. Nxb7 Nce5 24. Re3 f6 25. Na5 Rac8 26. Nc6 Nxc6 27. Rxe6
Nde5 28. Be3 a5 29. f4 Nd8 30. Re7 1-0

[Event "Reykjavik Open 2013"]
[Site "Reykjavik ISL"]
[Date "2013.02.19"]
[Round "1.58"]
[White "Ghaderi, Arman K"]
[Black "Bekker-Jensen, Simon"]
[Result "0-1"]
[BlackTitle "IM"]
[WhiteElo "1827"]
[BlackElo "2405"]
[WhiteFideId "1511890"]
[BlackFideId "1403613"]
[EventDate "2013.02.19"]

1. e4 c5 2. Nf3 d6 3. d4 Nf6 4. dxc5 Nxe4 5. cxd6 Nc6 6. dxe7 Qxd1+ 7. Kxd1
Nxf2+ 8. Ke1 Nxh1 9. exf8=Q+ Kxf8 10. Bb5 Bg4 11. Bxc6 bxc6 12. Nc3 Re8+ 13. Kf1
h5 14. Bf4 h4 15. Kg1 h3 16. Kxh1 Bxf3 17. gxf3 Rh4 18. Bd6+ Kg8 19. Rd1 Rd4 20.
Bg3 Rxd1+ 21. Nxd1 Re2 22. Kg1 Rxc2 23. Kf1 f6 24. Bf2 a6 25. a3 Kf7 26. b3 Ke6
27. a4 Ke5 28. Ne3 Ra2 29. Bg3+ Ke6 30. Nc4 g5 31. Ke1 Rg2 32. f4 Rxg3 33. hxg3
h2 34. f5+ Ke7 0-1

[Event "Reykjavik Open 2013"]
[Site "Reykjavik ISL"]
[Date "2013.02.19"]
[Round "1.60"]
[White "Johansen, Arnt-Ole"]
[Black "Arngrimsson, Dagur"]
[Result "0-1"]
[BlackTitle "IM"]
[WhiteElo "1817"]
[BlackElo "2375"]
[WhiteFideId "1516728"]
[BlackFideId "2301288"]
[EventDate "2013.02.19"]

1. d4 d5 2. c4 c6 3. Nf3 Nf6 4. Nc3 dxc4 5. a4 Bf5 6. e3 e6 7. Bxc4 Bb4 8. O-O
O-O 9. Qe2 Ne4 10. Nxe4 Bxe4 11. Rd1 Nd7 12. Bd2 Bd6 13. Bc3 Qc7 14. h3 Rae8 15.
Bd3 Nf6 16. Bxe4 Nxe4 17. Qd3 f5 18. Nd2 Nf6 19. Rab1 g5 20. e4 fxe4 21. Nxe4
Bh2+ 22. Kh1 Nxe4 23. Qxe4 Rxf2 24. Rf1 Rxf1+ 25. Rxf1 Bf4 26. h4 Qg7 27. h5 Qf7
28. g4 Qd7 29. Re1 e5 30. dxe5 Qxg4 31. Qc4+ Re6 32. Qe2 Qxe2 33. Rxe2 Kg7 34.
Kg2 Kh6 35. Kf3 Kxh5 36. Ke4 Kg6 37. b4 h5 38. b5 h4 39. Bd4 h3 40. Bxa7 0-1

[Event "Reykjavik Open 2013"]
[Site "Reykjavik ISL"]
[Date "2013.02.19"]
[Round "1.61"]
[White "Wang, Jue"]
[Black "Ohlsson, Mikael"]
[Result "1-0"]
[WhiteTitle "WGM"]
[WhiteElo "2375"]
[BlackElo "1811"]
[WhiteFideId "8604070"]
[BlackFideId "1719700"]
[EventDate "2013.02.19"]

1. e4 c5 2. Nf3 e6 3. d4 cxd4 4. Nxd4 a6 5. Bd3 Qc7 6. O-O Nf6 7. Qe2 d6 8. c4
Nbd7 9. Nc3 Ne5 10. Rd1 Be7 11. Nf3 Nxd3 12. Qxd3 O-O 13. Be3 Bd7 14. Bf4 Bc6
15. Bxd6 Bxd6 16. Qxd6 Qxd6 17. Rxd6 Bxe4 18. Ne5 Rfd8 19. Rad1 Rxd6 20. Rxd6
Bc2 21. f3 h5 22. Rb6 Rb8 23. Kf2 Kf8 24. c5 Rc8 25. Rxb7 Rxc5 26. Nxf7 Nd5 27.
Ne5 Rc7 28. Rxc7 Nxc7 29. Ke3 Ke7 30. Kd4 Kd6 31. Nc4+ Ke7 32. Ne4 Nd5 33. Nc5
Bb1 34. a3 Nc7 35. Ke5 Ba2 36. b3 g6 37. Nd2 a5 38. a4 h4 39. Nb7 Nd5 40. Nxa5
Ne3 41. Nc6+ 1-0

[Event "Reykjavik Open 2013"]
[Site "Reykjavik ISL"]
[Date "2013.02.19"]
[Round "1.64"]
[White "Birgisdottir, Ingibjorg"]
[Black "Miedema, David"]
[Result "1-0"]
[BlackTitle "IM"]
[WhiteElo "1783"]
[BlackElo "2364"]
[WhiteFideId "2309424"]
[BlackFideId "1018477"]
[EventDate "2013.02.19"]

1. e4 e6 2. d4 d5 3. exd5 exd5 4. Nf3 Bd6 5. c3 Ne7 6. Bd3 Bf5 7. Bxf5 Nxf5 8.
O-O O-O 9. Re1 Nc6 10. Nbd2 b5 11. Nf1 b4 12. Qd3 Qf6 13. Ne3 Nxe3 14. Bxe3 h6
15. Re2 bxc3 16. bxc3 Rfb8 17. Rae1 Re8 18. Bg5 hxg5 19. Rxe8+ Rxe8 20. Rxe8+
Bf8 21. Qe3 Qf5 22. h3 g6 23. Ne5 Nxe5 24. Qxe5 Qd7 25. Ra8 a6 26. Qxg5 Qd6 27.
Qd8 Qa3 28. Qxc7 Kh7 29. Qxf7+ 1-0

[Event "Reykjavik Open 2013"]
[Site "Reykjavik ISL"]
[Date "2013.02.19"]
[Round "1.67"]
[White "Kashlinskaya, Alina"]
[Black "Thorgeirsson, Jon Kristinn"]
[Result "1-0"]
[WhiteTitle "WGM"]
[WhiteElo "2350"]
[BlackElo "1766"]
[WhiteFideId "4198026"]
[BlackFideId "2307731"]
[EventDate "2013.02.19"]

1. d4 Nf6 2. c4 g6 3. Nf3 d5 4. Nc3 Bg7 5. e3 O-O 6. cxd5 Nxd5 7. Bc4 Nb6 8. Bb3
Bg4 9. O-O N8d7 10. h3 Bxf3 11. Qxf3 c6 12. Rd1 Qc7 13. e4 Rad8 14. Bg5 Nf6 15.
Rac1 a6 16. e5 Ne8 17. Qg3 Rc8 18. Qh4 h6 19. Bxh6 Bxh6 20. Qxh6 e6 21. Ne4 1-0

[Event "Reykjavik Open 2013"]
[Site "Reykjavik ISL"]
[Date "2013.02.19"]
[Round "1.68"]
[White "Leifsson, Thorsteinn"]
[Black "Bewersdorff, Oliver"]
[Result "0-1"]
[BlackTitle "FM"]
[WhiteElo "1759"]
[BlackElo "2335"]
[WhiteFideId "2302764"]
[BlackFideId "4602897"]
[EventDate "2013.02.19"]

1. d4 Nf6 2. c4 g6 3. Nc3 d5 4. Nf3 Bg7 5. Qb3 dxc4 6. Qxc4 O-O 7. e4 Nc6 8. Be2
Bg4 9. Be3 Bxf3 10. gxf3 e5 11. d5 Nd4 12. Rc1 c6 13. dxc6 bxc6 14. O-O Nh5 15.
Rfd1 Qf6 16. Kg2 Nf4+ 17. Bxf4 Qxf4 18. Nb1 Bh6 19. Rh1 Qg5+ 20. Kf1 Qh4 21. Kg2
Ne6 0-1

[Event "Reykjavik Open 2013"]
[Site "Reykjavik ISL"]
[Date "2013.02.19"]
[Round "1.69"]
[White "Gislason, Gudmundur"]
[Black "Storesund, Henrik"]
[Result "1-0"]
[WhiteTitle "FM"]
[WhiteElo "2329"]
[BlackElo "1759"]
[WhiteFideId "2300559"]
[BlackFideId "1518615"]
[EventDate "2013.02.19"]

1. Nf3 c5 2. g3 g6 3. Bg2 Bg7 4. O-O d6 5. c3 Nf6 6. e4 O-O 7. Re1 Nc6 8. h3 Bd7
9. d4 cxd4 10. cxd4 Rc8 11. Nc3 Qb6 12. Rb1 Na5 13. Bg5 Be6 14. d5 Bd7 15. Be3
Qc7 16. Bd4 Nc4 17. e5 dxe5 18. Nxe5 Nxe5 19. Bxe5 Qa5 20. Qd4 Bf5 21. b4 Qb6
22. Rbc1 Rfe8 23. g4 Qxd4 24. Bxd4 Bd7 25. Bxa7 Nxg4 26. Ne4 Ne5 27. Nc5 Rxc5
28. bxc5 Nd3 29. c6 bxc6 30. dxc6 Bc8 31. Rcd1 Nxe1 32. Rxe1 e5 33. Rd1 e4 34.
c7 Bf6 35. Bb6 Kf8 36. Rd8 Rxd8 37. cxd8=Q+ Bxd8 38. Bxd8 f5 39. Bf1 Bd7 40. h4
Ke8 41. Bg5 Be6 42. Bb5+ Kf7 43. a4 Bd5 44. Kh2 Ke6 45. Kg3 Ke5 46. Bh6 1-0

[Event "Reykjavik Open 2013"]
[Site "Reykjavik ISL"]
[Date "2013.02.19"]
[Round "1.70"]
[White "Bakkes, Frits"]
[Black "Kvisvik, Brede"]
[Result "0-1"]
[BlackTitle "FM"]
[WhiteElo "1750"]
[BlackElo "2314"]
[WhiteFideId "1044079"]
[BlackFideId "1502999"]
[EventDate "2013.02.19"]

1. e4 c5 2. Nf3 e6 3. d4 cxd4 4. Nxd4 a6 5. Nc3 b5 6. a3 Bb7 7. Be2 Qc7 8. Bf3
d6 9. O-O Nd7 10. Be3 Ngf6 11. Re1 Ne5 12. Rc1 Nc4 13. Rb1 Nxb2 14. Ncxb5 axb5
15. Rxb2 Bxe4 16. Nxb5 Qc6 17. Bxe4 Nxe4 18. Bb6 Qxb6 19. Rxe4 d5 20. Re3 Bc5
21. Rf3 O-O 22. Rbb3 Rfb8 23. Qb1 Ra5 24. Rfc3 Rxb5 0-1

[Event "Reykjavik Open 2013"]
[Site "Reykjavik ISL"]
[Date "2013.02.19"]
[Round "1.71"]
[White "Muir, Andrew J"]
[Black "Kristinardottir, Elsa Maria"]
[Result "1-0"]
[WhiteTitle "IM"]
[WhiteElo "2313"]
[BlackElo "1747"]
[WhiteFideId "2400138"]
[BlackFideId "2300370"]
[EventDate "2013.02.19"]

1. d4 d5 2. Nf3 Nf6 3. c4 c6 4. Nc3 e6 5. Bg5 Nbd7 6. e3 Be7 7. Bd3 dxc4 8. Bxc4
Nd5 9. Bxe7 Qxe7 10. Rc1 O-O 11. O-O Nxc3 12. Rxc3 e5 13. Bb3 e4 14. Nd2 Kh8 15.
f3 f5 16. fxe4 fxe4 17. Rxf8+ Nxf8 18. Rc5 Nd7 19. Rf5 Nf6 20. Re5 Qf8 21. Nxe4
Ng4 22. Qf3 Bd7 23. Qxf8+ Rxf8 24. Re7 Bc8 25. Nd6 h6 26. Nxc8 Rxc8 27. Be6 1-0